000 00652nam a2200241Ia 4500
003 OSt
005 20220927105328.0
006 a|||||r|||| 00| 0
007 ta
008 220926b |||||||| |||| 00| 0 eng d
024 _a188762
037 _cReference Collections
040 _aRTL
_cRTL
_beng
041 _2eng
_aeng
082 _a"X:533, P9/UN"
110 _aUNITED NATIONS
245 0 _aAnnual report 2009
_b Momentum for multilateralism
260 _aGeneva
_bUnited Nations
_c2009
300 _a"x, 70p"
_ccm.
700 _aUNITED NATIONS
942 _h"X:533, P9/UN"
_cCC
999 _c691875
_d691875